Southville International School and Colleges
Your cart is empty.
  • Cart
  • Lists
    Public lists Eva Luna New books Lux_list list_1
    Your lists Log in to create your own lists
  • Log in to your account
  • Your cookies
  • Search history
Southville International School and Colleges
  • Advanced search
  • Recent comments
  • Most popular
  • Libraries

Log in to your account

Log in with GOOGLE


If you do not have an external account, but do have a local account, you can still log in:

  1. Home
  2. MARC view: Problems, causes and solutions when adopting continuous delivery—A systematic literature review
Normal view MARC view ISBD view

Problems, causes and solutions when adopting continuous delivery—A systematic literature review (Record no. 340866)

[ view plain ]
MARC details
000 -LEADER
fixed length control field 00615nam a2200181Ia 4500
008 - FIXED-LENGTH DATA ELEMENTS--GENERAL INFORMATION
fixed length control field 170725s9999 xx 000 0 und d
100 ## - MAIN ENTRY--PERSONAL NAME
Personal name Eero Laukkanen
245 ## - TITLE STATEMENT
Title Problems, causes and solutions when adopting continuous delivery—A systematic literature review
245 ## - TITLE STATEMENT
Statement of responsibility, etc Eero Laukkanen, Juha Itkonen, Casper Lassenius
260 ## - PUBLICATION, DISTRIBUTION, ETC. (IMPRINT)
Date of publication, distribution, etc 2017
300 ## - PHYSICAL DESCRIPTION
Extent pages 55-79, February
440 ## - SERIES STATEMENT/ADDED ENTRY--TITLE
Title Information and software technology
Volume number/sequential designation 82:
500 ## - GENERAL NOTE
General note CJ0029
650 ## - SUBJECT ADDED ENTRY--TOPICAL TERM
Topical term or geographic name as entry element Continuous delivery
650 ## - SUBJECT ADDED ENTRY--TOPICAL TERM
Topical term or geographic name as entry element Continuous deployment
650 ## - SUBJECT ADDED ENTRY--TOPICAL TERM
Topical term or geographic name as entry element Continuous integration
650 ## - SUBJECT ADDED ENTRY--TOPICAL TERM
Topical term or geographic name as entry element Systematic literature review
Holdings
Withdrawn status Lost status Damaged status Home library Current library Date acquired Total Checkouts Date last seen Price effective from Koha item type
      College Library College Library 07/25/2017   07/25/2017 07/25/2017 Periodicals

Problems, causes and solutions when adopting continuous delivery—A systematic literature review

APA

Eero Laukkanen, . (2017). Problems, causes and solutions when adopting continuous delivery—A systematic literature review. : .

Chicago

Eero Laukkanen, . 2017. Problems, causes and solutions when adopting continuous delivery—A systematic literature review. : .

Harvard

Eero Laukkanen, . (2017). Problems, causes and solutions when adopting continuous delivery—A systematic literature review. : .

MLA

Eero Laukkanen, . Problems, causes and solutions when adopting continuous delivery—A systematic literature review. : . 2017.

  • Place hold
  • Print
  • Cite
  • Add to your cart (remove)
  • Save record
    BIBTEX Dublin Core MARCXML MARC (non-Unicode/MARC-8) MARC (Unicode/UTF-8) MARC (Unicode/UTF-8, Standard) MODS (XML) RIS
  • More searches
    Search for this title in:
    Other Libraries (WorldCat) Other Databases (Google Scholar) Online Stores (Bookfinder.com) Open Library (openlibrary.org)

Exporting to Dublin Core...

SOUTHVILLE LIBRARY

Southville International School and Colleges Library

1281 Tropical Ave. Cor. Luxembourg St., BF Homes International, Las Pinas City

Tel. No. 8256374 / 252358 Loc. 117/146

Powered by Koha